00868nam a2200217Ia 4500001000700000003000500007008004100012010001100053040000900064100002200073245022500095260004100320300001000361440000500371502007600376503000500452650004100457650003700498650002900535650008600564Z_4766CHAP220113s1996 xx 000 0 und d a167817 cCHAP aPeña Ley, David aEvaluación del ciclo productivo de pollos de engorda con dietas elaboradas a base de aminoácidos totales y digestibles (mediante el concepto de proteína ideal) /cpor David Peña Ley y Alfredo Rodríguez Moreno aChapingo, Méx. :bEl autor,c1996 a52 h. a aTesis (Ing. Agr. Esp. en Zootecnia) -- UACH. Departamento de Zootecnia a aAminoácidos en nutrición animal  aAves de corralxAlimentación  aAves de corralxEngorda  aProteínas en nutrición animal I. Z. II. t. III. Rodríguez Moreno, Alfredo